| 000 | 00608 a2200241 4500 | ||
|---|---|---|---|
| 001 | 116075 | ||
| 020 | _a9780062085580 | ||
| 041 | _apor | ||
| 090 | _aP Year 9 [Fic] | ||
| 100 | _aMafi, Tahereh. | ||
| 250 | _a1st ed. | ||
| 300 | _a408 p. | ||
| 697 | _aLove stories. | ||
| 697 | _aScience fiction. | ||
| 697 | _aSoldiers - Fiction. | ||
| 697 | _aAbility - Fiction. | ||
| 697 | _aDictators - Fiction. | ||
| 856 | _u00002b/00002b40.jpeg | ||
| 040 |
_aBR-BrIDEA _cBR-BrIDEA |
||
| 245 | 1 | 0 |
_aIgnite me _c Tahereh Mafi |
| 260 |
_bHarper, an imprint of HarperCollinsPublishers _c2015 |
||
| 942 | _cBK | ||
| 999 |
_c116075 _d116075 |
||